000 00977nam a2200241 c 4500
005 20200310113300.0
008 200310s2018 ck ||||gr|||| 00| 0 spa d
020 _a9789585642140
040 _aCO-BoUCM
_bspa
_cDeissy Garcia
_dDeissy Garcia
041 0 _aspa
100 1 _aDávila, Luis Felipe
_9100315
245 1 0 _aReglas, crimen y orden
_b un estudio sobre la seguridad en Medellín
_cLuis Felipe Dávila ; edición César Alberto Hurtado Orozco
260 _bLa carreta editores
_c2018
_aMedellín
300 _a178 páginas
490 0 _aLa carreta social
504 _aIncluye referencias bibliográficas
650 1 7 _aViolencia
_xPrevención
_zMedellín (Antioquia, Colombia)
_9100317
650 1 7 _aCrimen organizado
_z Medellín (Antioquia, Colombia)
_9100318
650 1 7 _aSeguridad ciudadana
_924088
700 1 _9100316
_aHurtado Orozco, César Alberto
_eeditor
942 _cLIBRO
_2DEWEY
_a5
_e20
_h303.09861
_mD988r
999 _c317323
_d317323